000 00625nmm a22001817a 4500
005 20131216152305.0
008 131216b2004 pe ||||| |||| 00| 0 eng d
041 _aeng
044 _ape
090 _aLB
_b05870
110 _aConsortium for sustainable Development of Andean Eco-region CONDESAN
_93390
245 _aAnnual report 2004
260 _aLima
_bConsortium for sustainable Development of Andean Eco-region CONDESAN
_bCentro Internacional de Agricultura Tropical
_c2004
300 _a48 p.,
_bil., gráficas,
_c13 cm
504 _aIncluye bibliografĂ­a
505 _aIncluye tabla de contenido
942 _2z
_cCD-ROM
999 _c8064
_d8064